中国历代各朝国都Capitals of Dynasties of China - Statistics

General Stats
  • This quiz has been taken 145 times
  • The average score is 30 of 39
Answer Stats
朝代 国都 % Correct
长安/西安
90%
北京
90%
西汉 长安/西安
89%
蜀汉 成都
89%
大兴/长安/西安/东京/东都/洛阳
89%
北京
89%
东汉 洛阳
88%
大都/北京
88%
秦国 咸阳
87%
咸阳
86%
吴国 建业/南京
86%
西晋 洛阳/长安/西安
86%
北宋 东京/汴梁/汴京/开封
86%
南宋 临安/杭州
86%
东周 雒邑(洛邑)/洛阳
83%
燕国 蓟/北京
82%
魏国 洛阳
82%
东晋 建康/南京
82%
西周 镐京/西安
80%
南朝宋 建康/南京
80%
南朝齐 建康/南京
80%
南朝梁 建康/南京
80%
南朝陈 建康/南京
80%
中都/北京
80%
赵国 邯郸
79%
西夏 兴庆/银川
78%
北魏 洛阳
75%
齐国 临淄/淄博
74%
西魏 长安/西安
74%
北周 长安/西安
74%
商后期 殷/安阳
73%
魏国 大梁/开封
71%
阳城/洛阳/安邑/运城/帝丘/濮阳/原/济源/老丘/开封/西河/安阳
68%
楚国 丹阳/枝江/郢/江陵/陈/淮阳/寿春/寿县
68%
北齐 邺城/邯郸(临漳)
57%
东魏 邺城/邯郸(临漳)
56%
韩国 阳翟/禹州/郑县/新郑
50%
商前期 亳/商丘
49%
上京(临潢)/巴林左旗
43%
No matching quizzes found
Score Distribution
Percent of People with Each Score
Percentile by Number Answered
Your Score History
You have not taken this quiz